Sinh học 8 Sách giáo viên

Uloženo v:
Podrobná bibliografie
Hlavní autor: Nguyễn, Quang Vinh
Další autoři: Trần, Đăng Cát
Médium: Kniha
Jazyk:Undetermined
Vydáno: H. Giáo dục 2004
Témata:
On-line přístup:http://lrc.tdmu.edu.vn/opac/search/detail.asp?aID=2&ID=5015
Tagy: Přidat tag
Žádné tagy, Buďte první, kdo otaguje tento záznam!
Thư viện lưu trữ: Trung tâm Học liệu Trường Đại học Thủ Dầu Một
LEADER 00665nam a2200217Ia 4500
001 TDMU_5015
008 210410s9999 xx 000 0 und d
082 |a 570.72 
090 |b NG525 
100 |a Nguyễn, Quang Vinh 
245 0 |a Sinh học 8 
245 0 |b Sách giáo viên 
245 0 |c Nguyễn Quang Vinh 
260 |a H. 
260 |b Giáo dục 
260 |c 2004 
300 |a 264tr 
650 |a Sinh học  |x Dạy và học; Sách lớp 8  |v Giáo viên 
700 |a Trần, Đăng Cát 
856 |u http://lrc.tdmu.edu.vn/opac/search/detail.asp?aID=2&ID=5015 
980 |a Trung tâm Học liệu Trường Đại học Thủ Dầu Một